[Event "Asia Club-ch Hybrid"]
[Site "Tornelo INT"]
[Date "2021.11.04"]
[Round "2.1"]
[White "Dehghani, Alireza"]
[Black "Abdollahabadi, Amir Hosien"]
[Result "0-1"]
[WhiteElo "1041"]
[BlackElo "1754"]
[PlyCount "94"]
[EventDate "2021.11.03"]
[EventType "team-swiss"]
[EventRounds "9"]
[EventCountry "NET"]
[SourceTitle "CBM 205 Extra"]
[Source "ChessBase"]
[SourceDate "2022.01.31"]
[SourceVersion "1"]
[SourceVersionDate "2022.01.31"]
[SourceQuality "1"]
[WhiteTeam "Fars Youth"]
[BlackTeam "Fekre Bartar"]
[WhiteTeamCountry "IRI"]
[BlackTeamCountry "IRI"]

1. e4 d5 2. exd5 Nf6 3. Nc3 Nxd5 4. Nxd5 Qxd5 5. Nf3 Bg4 6. h3 Bh5 7. d4 e6 8. g4 Bg6 9. Bg2 Be4 10. 0-0 h5 11. g5 Nc6 12. b3 0-0-0 13. c4 Qd6 14. Re1 Bf5 15. Bb2 Be7 16. c5 Qd7 17. Ne5 Nxe5 18. Rxe5 c6 19. h4 f6 20. gxf6 Bxf6 21. Re3 Bxd4 22. Bxd4 Qxd4 23. Qxd4 Rxd4 24. Rg3 g6 25. Bh3 Bxh3 26. Rxh3 Rf8 27. Rh2 Rf5 28. Re1 Kd7 29. Kg2 Rxc5 30. Rh3 Rf5 31. Ree3 Ke7 32. Rhf3 Rxh4 33. Rxf5 gxf5 34. f3 Rd4 35. Kh3 Kf6 36. a4 e5 37. Kg2 Rd2+ 38. Kh3 f4 39. Re4 Rd3 40. Kh4 Rxf3 41. Kxh5 Kf5 42. Kh4 Kxe4 43. Kg4 Rg3+ 44. Kh4 Kf5 45. a5 Rxb3 46. a6 bxa6 47. Kh5 Rh3# 0-1

[Event "IRI-ch U16"]
[Site "Chess.com INT"]
[Date "2021.01.16"]
[Round "7"]
[White "Darini, Iliya"]
[Black "Abdollahabadi, Amir Hosien"]
[Result "1-0"]
[WhiteElo "1862"]
[BlackElo "1792"]
[PlyCount "47"]
[EventDate "2021.01.16"]
[EventType "swiss"]
[EventRounds "11"]
[EventCountry "IRI"]
[SourceTitle "EXT 2022"]
[Source "ChessBase"]
[SourceDate "2021.10.06"]
[SourceVersion "1"]
[SourceVersionDate "2021.10.06"]
[SourceQuality "1"]

1. e4 d5 2. exd5 Nf6 3. d4 Bg4 4. Nf3 Qxd5 5. Nc3 Qh5 6. Be2 Nc6 7. Bb5 0-0-0 8. Bxc6 bxc6 9. Be3 e5 10. Qe2 Bxf3 11. Qa6+ Kd7 12. dxe5 Qxe5 13. gxf3 Bd6 14. 0-0-0 Rb8 15. f4 Qf5 16. Rhe1 Rb4 17. a3 Rxf4 18. Bxf4 Qxf4+ 19. Kb1 Qxh2 20. Qxa7 h5 21. Na4 c5 22. Nxc5+ Kc6 23. Qa6+ Kxc5 24. b4# 1-0